Theory of ground water movement /
Guardado en:
| Autor Principal: | |
|---|---|
| Formato: | Libro |
| Idioma: | English Russian |
| Publicado: |
Princeton, N.J. :
Princeton University Press,
1962.
|
| Etiquetas: |
Agregar Etiqueta
Sin Etiquetas, Sea el primero en etiquetar este registro!
|
| LEADER | 00690cam a22002051a 4500 | ||
|---|---|---|---|
| 001 | EEA.libagro010676 | ||
| 008 | 720322s1962####njua##########000#0#eng## | ||
| 005 | 20220422101223.0 | ||
| 245 | 1 | 0 | |a Theory of ground water movement / |c Translated from the Russian by J.M. Roger De Wiest. |
| 260 | |a Princeton, N.J. : |b Princeton University Press, |c 1962. | ||
| 300 | |a 613 p. : |b il. ; |c 25 cm. | ||
| 100 | 1 | |a Kochina, P. IA. |q (Pelageia IAkovlevna), |d 1899- | |
| 082 | |a 532.51 | ||
| 010 | |a 62012616 | ||
| 040 | |a DLC |c OTU |d OCoLC |d DNAL |d OCoLC |d DLC | ||
| 041 | 1 | |a eng |h rus | |
| 050 | 0 | 0 | |a TC176 |b .P613 |
| 070 | |a TC176.P613 |b 1962 | ||
| 072 | |a P200 | ||
| 859 | |a AR-BbBCA |b BIB. AGRONOMIA |h 532.51 |i P768 |p 1965/0101 | ||
